| 000 | 00412nam a22001337a 4500 | ||
|---|---|---|---|
| 008 | 240520b |||||||| |||| 00| 0 eng d | ||
| 050 | _aPR 9387.9 E4J6 1979 | ||
| 100 | _aBuchi, Emecheta | ||
| 245 |
_aThe Joys of Motherhood/ _cEmecheta, Buchi |
||
| 260 |
_aU.K: _bPenguin, _c1979. |
||
| 300 |
_a264p. : _c20cm |
||
| 650 |
_aMotherhood. _xEnglish. |
||
| 942 |
_2lcc _cAFRICANA _hPR 9387.9 E4J6 1979 |
||
| 999 |
_c32018 _d32018 |
||